Pays ayant le plus grand nombre de prix Nobel ~ pour chaque domaine - Statistiques

Statistiques générales
  • Ce quiz a été pris 62 fois
  • Le résultat moyen est 59 sur 66
Statistiques - réponses
# Paix % Correct
82 États-Unis
100%
79 États-Unis
100%
13 États-Unis
100%
24 États-Unis
100%
100 États-Unis
100%
62 États-Unis
100%
17 France
100%
11 France
100%
16 France
100%
11 France
100%
13 France
100%
4 France
100%
6 Canada
98%
4 Canada
98%
3 Chine
98%
10 Russie / URSS
98%
4 Russie / URSS
98%
4 Russie / URSS
98%
6 Espagne
98%
11 Japon
96%
8 Japon
96%
5 Japon
96%
31 Allemagne
94%
32 Allemagne
94%
8 Allemagne
94%
4 Allemagne
94%
20 Allemagne
94%
27 Royaume-Uni
94%
33 Royaume-Uni
94%
11 Royaume-Uni
94%
12 Royaume-Uni
94%
30 Royaume-Uni
94%
8 Royaume-Uni
94%
5 Australie
92%
5 Pologne
92%
4 Suède
92%
5 Suède
92%
8 Suède
92%
5 Suède
92%
7 Suède
92%
6 Italie
90%
6 Italie
90%
3 Italie
90%
4 Norvège
90%
3 Norvège
90%
5 Suisse
83%
7 Suisse
83%
9 Suisse
83%
6 Suisse
83%
4 Belgique
81%
3 Belgique
81%
5 Autriche
79%
3 Autriche
79%
4 Autriche
79%
3 Danemark
79%
3 Danemark
79%
4 Danemark
79%
10 Pays-Bas
79%
4 Pays-Bas
79%
3 Pays-Bas
79%
3* Inde
77%
4 Irlande
67%
4 Afrique du Sud
65%
3 Hongrie
65%
6 Israël
54%
3 Israël
54%
Aucun quiz correspondant
Distribution des résultats
% des personnes avec chaque résultat
Percentile par nombre de réponses
Votre historique - résultats
Vous n’avez pas pris ce quiz